01067 2200181 4500001002100000005001500021035002000036245014400056100003100200250001700231300003100248260004000279082001200319084001800331020002200349650001900371520049500390INLIS00000000000019220240512094808 a0010-05240001141 aKisah Teladan Utusan Allah :bNabi Ilyas A.S. Sang penentang patung Ba'l Nabi Syu'aib A.S Menakar dengan adil /cNurcahyawati Windri Astuti0 aNurcahyawati Windri Astuti acetakan ke-1 av, 74 hlm :bilus ;c21 cm aJakarta :bUranus Publishing,c2011 a297.246 a297.246 NUR k a978-602-8637-11-4 4aNabi dan Rasul aMengambil hikmah dari kisah Nabi Ilyas A.S dan Nabi Syu'aib A.S, itulah yang dilakukan oleh Rara dan Romi. Bersama Kakek Ahmad yang bijaksana, Rara dan Romi belajar keteladanan dari mereka. Kisah jenaka Rara dan Romi menjadi penghantar sebelum kalian membaca kisah Nabi Ilyas A.S dan Nabi Syu'aib A.S. Dari Nabi Ilyas A.S kalian dapat meneladani sikapnya yang menentang umatnya yang menyembah berhala. Sementara Nabi Syu'aib A.S kita dapat meneladani sikapnya yang senantiasa bersikap adil.